000 00744nas a2200241 4500
001 BR0805779
003 BR-BrBNA
005 20231205112010.0
007 ta
008 230509b bl.|||p| |||| 00| 00por d
040 _aBR-BrBNA
_bpor
_cBiblioteca Nacional de Agricultura
041 _a(Pt)
072 _aL73
100 1 _aTuleski, G.L.R.
100 1 _aWarth, J.F.G.
100 1 _aMontiani-Ferreira, F.
245 1 _aPrevalência infecciosa em otites de cães e padrão de sensibilidade in vitro aos antibacterianos
650 _aCÃO
650 _aOTITE
773 0 _tA Hora Veterinária (Brazil)
_xISSN 0101-9163
_g(Mar-Apr 2008), v. 27(162) p. 9-14
_wBR0805779
909 _a202311
_bLúcia
_c55
_dLúcia Elande
942 _2AGRIS
_n0
_cANA
999 _c195555
_d195555